El impuesto al valor agregado en el financiamiento de la seguridad social y el proceso de integración latinoamericano (Registro nro. 7844)

Detalles MARC
000 -LEADER
fixed length control field 00879 a2200241 4500
001 - CONTROL NUMBER
control field 62840
005 - DATE AND TIME OF LATEST TRANSACTION
control field 20260407155922.0
008 - FIXED-LENGTH DATA ELEMENTS--GENERAL INFORMATION
fixed length control field 260407a1980 arg spa d
003 - CONTROL NUMBER IDENTIFIER
control field AR-UNSa-BCEJYS
040 ## - CATALOGING SOURCE
Original cataloging agency AR-UNSa-BCEJYS
Language of cataloging spa
Transcribing agency AR-UNSa-BCEJYS
080 ## - UNIVERSAL DECIMAL CLASSIFICATION NUMBER
Universal Decimal Classification number 339.92
Common auxiliary subdivision Cooperación económica internacional. Integración económica internacional
041 ## - LANGUAGE CODE
Language code of text/sound track or separate title spa
100 1# - MAIN ENTRY--PERSONAL NAME
Personal name Banco Interamericano de Desarrollo. Instituto para la Integración de América Latina (BID-INTAL)
245 10 - TITLE STATEMENT
Title El impuesto al valor agregado en el financiamiento de la seguridad social y el proceso de integración latinoamericano
264 #1 - PRODUCTION, PUBLICATION, DISTRIBUTION, MANUFACTURE, AND COPYRIGHT NOTICE
Place of production, publication, distribution, manufacture Buenos Aires :
Name of producer, publisher, distributor, manufacturer BID-INTAL
Date of production, publication, distribution, manufacture, or copyright notice 1980
300 ## - PHYSICAL DESCRIPTION
Extent 149 p.
Dimensions 28 cm.
590 ## - LOCAL NOTE (RLIN)
Local note niveau_biblio:m niveau_hierar:0
700 1# - ADDED ENTRY--PERSONAL NAME
Personal name Arroba, Gonzalo
700 1# - ADDED ENTRY--PERSONAL NAME
Personal name Atchabahian, Adolfo
700 1# - ADDED ENTRY--PERSONAL NAME
Personal name Macon, Jorge
700 1# - ADDED ENTRY--PERSONAL NAME
Personal name Moles, Ricardo R.
942 ## - ADDED ENTRY ELEMENTS (KOHA)
Koha item type
Existencias
Withdrawn status Lost status Damaged status Not for loan Home library Current library Shelving location Date acquired Total checkouts Full call number Barcode Date last seen Price effective from Koha item type
        Biblioteca Prof. Eusebio Cleto del Rey Biblioteca Prof. Eusebio Cleto del Rey   07/04/2026   339.92 B213f L44089 07/04/2026 07/04/2026 Libro